LEADER 01165nam a2200241 u 4500 001 000000019042 003 CaOOAMICUS 005 20070226110737.0 008 950115s1842 it u000 u ita u 035 $a10454634 040 $aPUL(R)$bita 100 1 $aLiberatore, Pasquale,$d1763-1842.$0(OLS)http://pul/name/16777 245 10$aDella polizia ecclesiastica nel regno delle Due Sicilie secondo il diritto canonico e l'ultimo concordato /$cdel prof. P. Liberatore. 250 $a3. ed. 260 $aNeapoli :$b[s.n.],$c1842. 300 $a284 p. ;$c24 cm 650 4$aDiritto concordatario.$0(OLS)http://pul/subject/2274 850 $aPUL 852 $aPUL$W1$xDP1 Antico 800$y27$m149 A 26(int. 1)$j26798$nBK-PRI$b $qStampati Antico$B26798$CPULBib$Z2$F26798 $H $81 941 1 $a15 961 $aINV: Legato con: Dizionario portatile de' concilj contenente una somma ..., Napoli : Tipografia del Sebeto, 1845. 996 $6245$aDella polizia ecclesiastica nel regno delle Due Sicilie secondo il diritto canonico e l'ultimo concordato$9(OLS)http://pul/title/26983 996 $6260$aNeapoli :$b[s.n.]$9(OLS)http://pul/publisher/50744